| 000 | 01889cad a22002895a 4500 | ||
|---|---|---|---|
| 001 | E144023 | ||
| 008 | 080611s20080604xxk f 000 0 eng d | ||
| 020 | _a9781851129737 | ||
| 035 | _a(Sirsi) u144023 | ||
| 041 | 0 | _aeng | |
| 050 | 0 | 4 | _a711.3 $2 18 |
| 110 | 2 |
_aBaker Associates _94928 |
|
| 245 | 0 | 0 |
_aSpatial plans in practice _bsupporting the reform of local planning _h[electronic resource] |
| 260 |
_aLondon _bDepartment for Communities and Local Government _c2008 |
||
| 505 | 2 | _aExecutive summary -- Overview of project purpose, methods and outputs -- The timely delivery of planning policy -- Effective participation in plan making -- Integrating policy through the spatial planning approach -- Delivering evidence-based positive planning -- Making a difference | |
| 520 | _aReport details the findings and recommendations of the Spatial Plans in Practice project, a three year study into the new local plan-making system. It shows that the majority of local authorities are having difficulties introducing the reforms and new plans and that lack of leadership is to blame in some cases. Despite delays there have been some positive changes, including the shift towards more stakeholder engagement and integration of policy through the spatial planning approach. Also describes how planning authorities and other bodies have utilised the findings of the report. | ||
| 521 | _aAdvanced | ||
| 590 | _aNA | ||
| 651 | 4 |
_aEngland and Wales _y1543- |
|
| 690 | _aENVIRONMENTAL AND LAND CONSULTANCY-PLANNING AND DEVELOPMENT-PLANNING REFORM | ||
| 710 | 1 | _aTerence O'Rourke | |
| 710 | 1 |
_aUniversity of Liverpool _94388 |
|
| 710 | 1 |
_aUniversity of Manchester _9720 |
|
| 710 | 1 |
_aUniversity of the West of England _93479 |
|
| 856 | 4 | 0 |
_uhttps://www.communities.gov.uk/publications/planningandbuilding/spatialplanfinal _zView the item for free at www.communities.gov.uk |
| 942 | _n0 | ||
| 999 |
_c108354 _d108354 |
||